Principles and labs for fitness and wellness

The content of this book serves as a guide to implement a complete lifetime fitness and wellness program. In addition to a thorough discussion on physical fitness, including all health- and skill-related components; extensive and up to date information is provided on nutrition, weight management, ca...

全面介紹

Đã lưu trong:
書目詳細資料
主要作者: Werner W. K Hoeger
格式: 圖書
語言:Undetermined
出版: Englewood, Colorado Morton 1997
主題:
標簽: 添加標簽
沒有標簽, 成為第一個標記此記錄!
Thư viện lưu trữ: Trung tâm Học liệu Trường Đại học Cần Thơ
LEADER 01055nam a2200193Ia 4500
001 CTU_40795
008 210402s9999 xx 000 0 und d
082 |a 613.7 
082 |b H693 
100 |a Werner W. K Hoeger 
245 0 |a Principles and labs for fitness and wellness 
245 0 |c Werner W. K Hoeger, Sharon A Hoeger 
260 |a Englewood, Colorado 
260 |b Morton 
260 |c 1997 
520 |a The content of this book serves as a guide to implement a complete lifetime fitness and wellness program. In addition to a thorough discussion on physical fitness, including all health- and skill-related components; extensive and up to date information is provided on nutrition, weight management, cardiovascular and cancer risk reduction, exercise and aging, stress management, prevention of sexually transmitted diseases, and substance abuse control ( including tobacco, alcohool, and other psychoactive drugs ). 
650 |a health,physical fitness 
904 |i Minh, 010405 
980 |a Trung tâm Học liệu Trường Đại học Cần Thơ